| 000 | 01241nam a22003497a 4500 | ||
|---|---|---|---|
| 003 | CHAP | ||
| 005 | 20220817041521.0 | ||
| 008 | 971013s1919 r 00010 d | ||
| 010 | _a16778 | ||
| 011 | _a17750 | ||
| 035 | _a21834 | ||
| 040 | _cCHAP | ||
| 082 |
_a631.522 _bJ35 |
||
| 100 | 0 | 0 |
_aJanick, Jules _eed. _961050 |
| 245 | _aPlant breeding reviews | ||
| 260 |
_aWestport, Conn., : _bAvi, _c19 - 19 |
||
| 300 |
_av. _b: ilus |
||
| 500 | _aLa biblioteca tiene : v.1, v.2, v.3, v.4 | ||
| 590 |
_aBATCH-UPD _b10 _c20130110 _lUCH01 _h0923 |
||
| 590 |
_aBATCH-UPD _b10 _c20130410 _lUCH01 _h0545 |
||
| 590 |
_aBATCH-UPD _b10 _c20130914 _lUCH01 _h1537 |
||
| 590 |
_aCONVERSION _b10 _c20130109 _lUCH01 _h1310 |
||
| 650 | 1 | 4 | _aGenética vegetal. |
| 650 | 1 | 4 |
_aHibridación vegetal. _955145 |
| 650 | 1 | 4 |
_aPlantas _xMejoramiento. _988849 |
| 901 | _aBK | ||
| 942 | _cLIBRO | ||
| 949 |
_a631.522 J35 _bBC _cLIBRO _d-50804 _eLIBRO _gI.125896 _h65209 _i21834 _si _t8803.00 |
||
| 949 |
_a631.522 J35 _bBC _cLIBRO _d-56613 _eLIBRO _fv.2 _gI.33043 _h735 _i21834 _si _t8803.00 |
||
| 949 |
_a631.522 J35 _bBC _cLIBRO _d-56614 _eLIBRO _fv.3 _gI.33044 _h736 _i21834 _si _t8803.00 |
||
| 949 |
_a631.522 J35 _bBC _cLIBRO _d33724000086294 _eLIBRO _fv.4 _gI.151438 _h77949 _i21834 _si _t337.30 |
||
| 999 |
_c16778 _d16778 |
||